25 najlepszych piłkarzy la liga w FC 26 - Statystyki

Ogólne statystyki
  • Ten quiz został rozwiązany 97 razy
  • Średni wynik to 18 z 25
Statystyki odpowiedzi
numer klub overall reprezentacja zawodnik % Poprawnych
1 real madryt 91 francja mbappe
100%
2 real madryt 90 anglia bellingham
95%
4 barcelona 89 hiszpania yamal
94%
5 barcelona 89 hiszpania pedri
91%
9 barcelona 88 polska lewandowski
89%
6 real madryt 89 urugwaj valverde
89%
3 barcelona 89 brazylia raphinha
85%
13 atletico madryt 87 argentyna alvarez
80%
11 barcelona 87 holandia de jong
80%
10 atletico madryt 88 słowenia oblak
79%
14 real madryt 86 niemcy rudiger
76%
8 real madryt 89 belgia courtois
74%
21 real madryt 85 brazylia rodrygo
74%
12 barcelona 87 francja kounde
73%
17 barcelona 86 niemcy ter stegen
71%
16 atletico bilbao 86 hiszpania williams
66%
18 atletico madryt 85 francja griezmann
61%
7 real madryt 89 brazylia vinicius jr
61%
15 real madryt 86 anglia alexander-arnold
60%
25 real madryt 84 francja tchouameni
53%
19 real madryt 85 hiszpania carvajal
51%
20 atletico bilbao 85 hiszpania simon
49%
22 barcelona 85 hiszpania olmo
46%
23 atletico madryt 84 hiszpania llorente
35%
24 atletico bilbao 84 hiszpania sancet
26%
Nie znaleziono quizów pasujących do podanych kryteriów
Rozkład punktacji
Procent ludzi z każdym wynikiem
Percentyl według liczby udzielonych odpowiedzi
Twoja historia wyników
Nie rozwiązałeś tego quizu